| 000 | 01322njm a2200313 a 4500 | ||
|---|---|---|---|
| 003 | BLK | ||
| 005 | 20250301005537.0 | ||
| 008 | 180413b bul||n|| |||||||| n|bulo| | ||
| 028 | _a820306 | ||
| 040 | _aBLK | ||
| 041 |
_aDEU _cDEU |
||
| 080 |
_aОпера, музикална драма - изпълнители _b782.1.071.2 _z782.1.071.2(086.72) |
||
| 100 | 1 |
_aDvorak, Antonin _99207 |
|
| 245 |
_aElfride Trötschel singt Opernarien _cAntonín Dvorak et al. |
||
| 257 | _aDEU | ||
| 260 |
_aBerlin _bDeutsche Schallplatten _c1962 _9215027 |
||
| 300 |
_a1 грамофонна плоча _b33 об./мин., mono _c30 см |
||
| 380 | _a7 | ||
| 490 |
_aEterna _9493861 |
||
| 500 | _aDu lieber Mond.: Rusalka In weiter Fremde irrten wir Ach Gott, wie hoffnungslos / Wenn der Herbst zieht ins Land. Und sei's mein Untergang. Er schläft! Wie alle sind in Angst und Not / Er ist gut. | ||
| 511 | _aInterpr.: Elfride Trötschel. Horst Günter, Bariton. Münchener Philharmoniker. Robert Heger, Dirigent.Württembergisches Staatsorchester. Ferdinand Leitner, Dirigent. | ||
| 650 | 0 |
_9275448 _aОпера - изпълнители |
|
| 700 |
_9493986 _aTrоtschel, Elfriede |
||
| 852 | _aФ ІІ 424 | ||
| 942 |
_cGPL _n0 |
||
| 944 |
_cНора Радева _k _lCRON CRON |
||
| 999 |
_c515171 _d515171 |
||
| 999 | _d515171 | ||
| 999 | _d515151 | ||